Štatistická ročenka Slovenskej republiky 2024

Salvato in:
Dettagli Bibliografici
Natura: Libro
Lingua:slovacco
Pubblicazione: Bratislava Štatistický úrad Slovenskej republiky [2025]
Edizione:2. [rozšírené] vydanie
Soggetti:
Tags: Aggiungi Tag
Nessun Tag, puoi essere il primo ad aggiungerne!!

MARC

LEADER 00000nlm a2200000 4500
001 0306715
005 20250213085421.8
020 |a 978-80-8121-957-3 
041 0 |a slo 
044 |a SK 
245 1 0 |a Štatistická ročenka Slovenskej republiky 2024 
250 |a 2. [rozšírené] vydanie 
264 1 |a Bratislava  |b Štatistický úrad Slovenskej republiky  |c [2025] 
300 |a USB kľúč [700 s.]  |e informačný leták s pexesom 
610 2 0 |a ukazovatele makroekonomické 
610 2 0 |a štatistika celoštátna 
610 2 0 |a štatistika ekonomická 
610 2 0 |a štatistika demografická 
610 2 0 |a štatistika sociálna 
610 2 0 |a štatistika podniková 
610 2 0 |a odvetvia činnosti ekonomickej 
610 2 0 |a štatistika práce 
610 2 0 |a štatistika medzinárodná 
610 2 0 |a Slovensko